000 00983cam a22002411 4500
001 gs 34000014
003 DLC
005 20260227111338.0
008 770815s1933 caua 000 0 eng c
010 _ags 34000014
035 _a(OCoLC)3189162
040 _aU.S. Geol. Survey. Library
_cTxEU
_dDLC
042 _apremarc
050 0 0 _aTN24.C2
_bA3 no. 104a
100 1 _aShedd, Solon,
_d1860- .
245 1 0 _aBibliography of the geology and mineral resources of California to December 31, l930,
_cby Solon Shedd.
260 _aSacramento,
_bCalifornia state printing office,
_c1933.
300 _axii, 376 p.
_bxiv pl. (port.)
_c24 cm.
490 0 _aCalifornia. Dept. of natural resources. Division of mines. Bulletin
_vno. 104
500 _aAt head of title: State of California. Department of natural resources. Division of mines. Geologic branch.
650 0 _aGeology
_zCalifornia
_vBibliography.
650 0 _aMines and mineral resources
_zCalifornia
_vBibliography.
999 _c27065
_d27065